00448nam a2200157Ia 4500008004100000040001900041041001200060082002000072100002200092245007600114260002500190300002400215504001900239650001400258850001800272131103s9999 xx 000 0 und d aLoreto College aEnglish a920/HERbLCLIB/ aHare, Christopher 4aThe high and puissant princess marguferite of austriacChristopher Hare aLondonbHarperc1907 axiii,351p. c 22cm. aIncludes index aBiography aLCLIB/920/HAR